000 00808nai a2200217Ia 4500
003 IN-BaIIA
008 211028c9999 xx s 000 0 eng d
022 _a2168-0213 (Print)
022 _a2168-0221 (Online)
040 _cIIA Library
245 0 _aTransactions of the IRE Professional Group on Airborne Electronics
_h[eJournal]
260 _aNew York, USA
_bThe Institute of Electrical and Electronics Engineers, Inc. (IEEE)
310 _aAnnually
362 _aPGAE-1;1951 - PGAE-6;1952
521 _bSubscribed through National Knowledge Resource Consortium (NKRC)
650 _a Components, Circuits, Devices and Systems
650 _a Transportation
650 _aAerospace
856 _uhttps://ieeexplore.ieee.org/servlet/opac?punumber=5062335
_yClick Here to Access eJournal
942 _cEJ
999 _c35818
_d35818